Central Library OPAC University of Rajshahi

New intermediate physics / (Record no. 70284)

MARC details
000 -LEADER
fixed length control field 00610nam a2200205 a 4500
001 - CONTROL NUMBER
control field 70284
003 - CONTROL NUMBER IDENTIFIER
rucl marc code BD-RjUL
005 - DATE AND TIME OF LATEST TRANSACTION
control field 20211209082001.0
008 - FIXED-LENGTH DATA ELEMENTS--GENERAL INFORMATION
fixed length control field 170416r19601957enka 000 0 eng
035 ## - SYSTEM CONTROL NUMBER
System control number (BD-RjUL)70498
040 ## - CATALOGING SOURCE
Original cataloging agency DLC
Transcribing agency CarP
Modifying agency DLC
-- BD-RjUL
Language of cataloging eng
041 ## - LANGUAGE CODE
Language code of text/sound track or separate title eng
082 ## - DEWEY DECIMAL CLASSIFICATION NUMBER
Edition number 23
Classification number 530
Author mark and year NON 1960
100 1# - MAIN ENTRY--PERSONAL NAME
Personal name Noakes, G. R.
Fuller form of name (George Robert)
9 (RLIN) 155047
245 10 - TITLE STATEMENT
Title New intermediate physics /
Statement of responsibility, etc. G. R. Noakes.
260 ## - PUBLICATION, DISTRIBUTION, ETC. (IMPRINT)
Place of publication, distribution, etc. London :
Name of publisher, distributor, etc. Macmillan;
Place of publication, distribution, etc. New York :
Name of publisher, distributor, etc. St. Martin's Press,
Date of publication, distribution, etc. 1957 [reprinted 1960].
300 ## - PHYSICAL DESCRIPTION
Pagination 982 p. :
Illustrations ill. ;
Size 23 cm.
650 #0 - SUBJECT ADDED ENTRY--TOPICAL TERM
Topical term or geographic name as entry element Physics.
9 (RLIN) 208137
942 ## - ADDED ENTRY ELEMENTS (KOHA)
Source of classification or shelving scheme Dewey Decimal Classification
Koha item type Books
Holdings
Lost status Source of classification or shelving scheme Damaged status Not for loan Collection code Permanent Location Current Location Shelving location Date acquired Source of acquisition Total Checkouts Full call number Date last seen Copy number Koha item type
  Dewey Decimal Classification   Not For Loan Non-fiction Central Library, University of Rajshahi Central Library, University of Rajshahi Reading Room 08/01/1979 World University   530 NON 1960 17/04/2017 C-1 Books